Quan hệ giữa hai cổ ngữ Ấn Độ trong ngôn ngữ các dân tộc Việt Nam /
Αποθηκεύτηκε σε:
| Κύριος συγγραφέας: | |
|---|---|
| Μορφή: | Άρθρο |
| Γλώσσα: | Vietnamese |
| Θέματα: | |
| Ετικέτες: |
Προσθήκη ετικέτας
Δεν υπάρχουν, Καταχωρήστε ετικέτα πρώτοι!
|
| Thư viện lưu trữ: | Thư viện Trường Đại học Đà Lạt |
|---|
| LEADER | 00813nam a2200277 4500 | ||
|---|---|---|---|
| 001 | DLU090073404 | ||
| 005 | ##20090514 | ||
| 040 | # | # | |a DLU |b vie |
| 041 | # | # | |a vie |
| 044 | # | # | |a vn |
| 100 | # | # | |a Thái Văn Chải. |
| 245 | # | # | |a Quan hệ giữa hai cổ ngữ Ấn Độ trong ngôn ngữ các dân tộc Việt Nam / |c Thái Văn Chải. |
| 653 | # | # | |a Ngôn ngữ học |
| 653 | # | # | |a Tiếng Ấn Độ |
| 653 | # | # | |a Tiếng Việt |
| 653 | # | # | |a Văn tự cổ |
| 773 | # | # | |t Khoa học Xã hội |g Số 38, 1998, tr. 59-63 |
| 920 | # | # | |a Phòng Tạp chí -- Trung tâm Thông tin - Thư viện Trường Đại học Đà Lạt |
| 994 | # | # | |a DLU |
| 900 | # | # | |a True |
| 911 | # | # | |a Nguyễn Thanh Hương |
| 925 | # | # | |a G |
| 926 | # | # | |a A |
| 927 | # | # | |a BB |
| 980 | # | # | |a Thư viện Trường Đại học Đà Lạt |